Statistics for Sunny Side of London - Joker out (All Lyrics)

Click here to take the quiz!

General Stats

  • This quiz has been taken 77 times
  • The average score is 230 of 254

Answer Stats

Answer% Correct
we
100%
a
98%
are
98%
you
98%
for
96%
london)
96%
london
96%
no
96%
of
96%
or
96%
say)
96%
side
96%
sunny
96%
the
96%
your
96%
above?
93%
air
93%
and
93%
best
93%
breath
93%
die
93%
free
93%
hands
93%
hug
93%
in
93%
LGBTQ
93%
looking
93%
none
93%
(take
93%
(welcome
93%
welcome
93%
as
91%
beautiful
91%
day
91%
deep
91%
friend
91%
fun
91%
loud
91%
love
91%
love?
91%
on
91%
scream
91%
straight
91%
to
91%
ah
89%
can
89%
do
89%
final
89%
throw
89%
what
89%
drunk?
87%
get
87%
just
87%
king
87%
punk?
87%
sharing
87%
size?
87%
smoking
87%
about
84%
bunk?
84%
cares
84%
clean
84%
dove
84%
face
84%
green
84%
is
84%
one
84%
prefer
84%
sleeping
84%
step
84%
all
82%
colour
82%
gotta
82%
happines
82%
money
82%
so
82%
chase
78%
religion
78%
there
76%
where
76%
following
73%
goals
73%
place
73%
this
73%
street
71%
you're
71%
everyone
69%
hot
69%
whispers
69%
win
69%
gets
67%
it
67%
new
67%
race
67%
involved
64%
sign
64%
says
62%

Score Distribution

Percentile by Number Answered

Percent of People with Each Score

Your Score History

You have not taken this quiz